| 000 | 00819nas1a22002531i 4500 | ||
|---|---|---|---|
| 001 | RU\NLR\Per\996996 | ||
| 005 | 20241103095418.0 | ||
| 011 | _a2306-8949 | ||
| 035 | _a(NLR Aleph) 010236693 | ||
| 090 |
_a10378212 _c10378212 |
||
| 100 | _a20131224a20109999|||y0rusy50 ca | ||
| 101 | 0 | _arus | |
| 102 | _aRU | ||
| 110 | _aau||||||||| | ||
| 200 | 1 |
_aВести газовой науки _eнаучно-технический сборник |
|
| 210 |
_aп. Развилка, Московская область _c[б. и.] _d2013 - |
||
| 606 |
_aУглеводороды _jПериодические издания _91006978 _3RU\NLR\AUTH\6665022 |
||
| 686 | 1 | _aД454я54 | |
| 852 |
_aNLR _jП8/1837 |
||
| 942 | _cJOURNAL | ||
| 980 | _aRUSPER | ||